| 000 | 00000nam##2200000za#4500 |
| 001 | 9.565963 |
| 003 | CaOODSP |
| 005 | 20210624180048 |
| 007 | cr ||||||||||| |
| 008 | 150406|1999||||xxc|||||o f|0| 0 eng|d |
| 040 | |aCaOODSP|beng |
| 043 | |an-cn--- |
| 086 | 1 |aTU3-7/99-21E-PDF |
| 110 | 2 |aTransportation Safety Board of Canada. |
| 245 | 10|aPilot overboard while disembarking from the container ship “Canmar Valour” approaching the Les Escoumins Pilot Station, Quebec, 25 September 1999 |h[electronic resource] |
| 260 | |bTransportation Safety Board of Canada |c[2001]. |
| 300 | |a15p.|btable, photographs |
| 490 | 1 |aMarine investigation report |vM99L0099 |
| 590 | |a10-05-Supp|b2010-07-20 |
| 690 | 07|aMarine accidents|2gcpds |
| 775 | 08|tChute par-dessus bord d'un pilote au moment où il débarquait du porte-conteneurs «Canmar Valour» en approche de la station de pilotage de Les Escoumins (Québec), le 25 septembre 1999 |w(CaOODSP)9.597453 |
| 830 | #0|aMarine investigation report ;|vM99L0099|w(CaOODSP)9.504867 |
| 856 | 40|ahttp://publications.gc.ca|qPDF|s263 KB|uhttps://publications.gc.ca/collections/collection_2009/bst-tsb/TU3-7-99-21E.pdf|yM99L0099 |